=LDR 00000nam 2200000 4500 =001 INLIS000000000061993 =005 20230306095951 =035 ##$$a 0010-0323000005 =007 ta =008 230306################g##########0#ind## =082 ##$$a 028.1 =084 ##$$a 028.1 Ayo r =100 #$$a Do Pictures =245 1#$$a Ayo kenali aku punggung ajaib si unta pengembara /$c Do Pictures =260 ##$$a jakarta :$b Nobel Edumedia,$c 2008 =300 ##$$a 24 hlm : $b Ilus ; $c 25 cm =990 ##$$a 65576557 =990 ##$$a 21416494 =990 ##$$a 11911191 =990 ##$$a 21416493 =990 ##$$a 21416494